000 00305nam a22001337a 4500
008 171017b xxu||||| |||| 00| 0 eng d
020 _a0314931864
041 _aeng
080 _24 ED
_a331.101.262
100 _a52
101 _aBNJ
245 _aORGANIZATION BEHAVIOR
_cWOODMAN.H.S
942 _2udc
_cBK
999 _c34387
_d34387